• 首页
  • 本馆介绍
  • 公告通知
  • 最新文献
  • 馆藏检索
  • 电子资源
  • 读者导购
  • 参考咨询
  • 我的图书馆
  • 登录
  • 详细信息显示
  • 放入我的书架
  • 预约/预借图书
  • 作者相关作品
  • 分类相关作品
  • 丛书相关作品
  • 出版社相关作品

书目信息

  • 表格格式
  • 工作单格式
  • 卡片格式
题名:
海战. 上册
    
 
作者: 凌立 主编 ;刘小晖 撰稿
分册: 上   战舰史话
出版信息: 北京   中国人民大学出版社  2004
页数: 164页上
开本: 21cm
丛书名: 战争传奇
单 册:
中图分类: E19-49
科图分类:
主题词: 军用船 , 军用船--世界--通俗读物
电子资源:
ISBN: 7-300-05103-0
000 01053nam0 2200301 450
000 01021nam0 2200289 450
000 00952nam0 2200265 450
000 00916nam0 2200253 45
005 20070610111618.71
010    @a7-300-05103-0@dCNY26.00[全三册@dCNY78.00]
100    @a20070608d2004 em y0chiy0120 ea
101 0  @achi
102    @aCN@b110000
105    @aa z 000yd
200 1  @a海战. 上册@Ahai zhan.shang ce@i战舰史话@IHai Zhan@h上@HShang@f凌立主编@FLing Li Zhu Bian@g刘小晖撰稿
210    @a北京@c中国人民大学出版社@d2004
215    @a164页上@c图@d21cm
225 2  @a战争传奇@i海战
330    @a本书是电视记录片《传奇·战争传奇》力求保持原貌的忠实记录,结合珍贵的图片,保留原作精彩的解说词,聚集战舰及其发展。
410  0 @12001 @a战争传奇@i海战
517 1  @a战舰史话@Azhan jian shi hua
606 0  @a军用船
606 0  @a军用船@x世界@x通俗读物
690    @aE19-49@v4
701  0 @a凌立@ALing Li@c(编辑)@4主编
702  0 @a刘小晖@ALiu Xiao Hui@c(军事)@4撰稿
801  0 @aCN@bTAOJIN@c20070610
905    @a10447@dE19-49@e35:1
    
    海战. 上册.战舰史话.上/凌立主编/刘小晖撰稿 .-北京:中国人民大学出版社,2004
    164页上:图;21cm.-(战争传奇.海战)
    
    
    ISBN 7-300-05103-0:CNY26.00[全三册
    本书是电视记录片《传奇·战争传奇》力求保持原貌的忠实记录,结合珍贵的图片,保留原作精彩的解说词,聚集战舰及其发展。
●
相关链接 在E读中查询图书 在五车中查询图书 在当当中查询图书 在豆瓣中查询图书


正题名:海战. 上册     索取号:E19-49/35:1         预约/预借

序号 登录号 条形码 馆藏地/架位号 状态 备注
1 0527387   205273871   第一样本阅览室/ [索取号:E19-49/35:1] 在馆    
2 0527388   205273880   密集书库/ [索取号:E19-49/35:1] 在馆    
3 0527389   205273899   第一借阅区/ [索取号:E19-49/35:1] 在馆    
4 0527390   205273906   第一借阅区/ [索取号:E19-49/35:1] 在馆    
5 0527391   205273915   密集书库/ [索取号:E19-49/35:1] 在馆    
6 0527392   205273924   第一借阅区/ [索取号:E19-49/35:1] 在馆    
7 0527393   205273933   密集书库/ [索取号:E19-49/35:1] 在馆    
8 0527394   205273942   密集书库/ [索取号:E19-49/35:1] 在馆    
唐山师范学院图书馆 欢迎您!
大连网信软件有限公司© 版权所有